000 00616cam a22002173a 4500
001 39093
003 PGUSA
005 20140828083851.0
008 120310s2012||||xxu|||||s|||||000 | eng d
040 _aPGUSA
_beng
042 _adc
100 1 _aSchindler, Anton,
_d1795-1864
245 1 0 _aLife of Beethoven
_h[electronic resource] /
_cAnton Schindler
260 _bProject Gutenberg,
_c2012
506 _aPublic domain in the USA.
516 _aElectronic text
700 1 _aMoscheles, Ignaz,
_d1794-1870
830 0 _aProject Gutenberg
_v39093
856 4 0 _uhttp://www.gutenberg.org/ebooks/39093
942 _cEB
999 _c268346
_d268346